Normal view
MARC view
- LEWIS,A.BARBARA
Entry Personal Name
001 - CONTROL NUMBER
- control field: 132165
003 - CONTROL NUMBER IDENTIFIER
- control field: NUST
005 - DATE AND TIME OF LATEST TRANSACTION
- control field: 20251201153730.0
008 - FIXED-LENGTH DATA ELEMENTS
- fixed length control field: 251201|| aca||aabn | a|a d
040 ## - CATALOGING SOURCE
- Original cataloging agency: NUST
- Transcribing agency: NUST
100 ## - HEADING--PERSONAL NAME
- Personal name: LEWIS,A.BARBARA
670 ## - SOURCE DATA FOUND
- Source citation: Work cat.: (NUST): LEWIS,A.BARBARA., WHAT DO YOU STAND FOR /, 1998.
